|
|
|
|
| LEADER |
00000nab a2200000ua 4500 |
| 001 |
vtls010824202 |
| 003 |
SK-MaSNL |
| 005 |
20260303182657.0 |
| 008 |
230222s2006 xo |||||||||||||||||slo| |
| 035 |
|
|
|a (urnnbn)urn:nbn:sk:snk:ar-a064xu
|
| 035 |
|
|
|a urn:nbn:sk:snk-ab5qs1
|
| 035 |
|
|
|a (uuid)9ea51430-5305-49ff-96a7-212f0dbe1924
|
| 040 |
|
|
|a SNKBUCL
|b slo
|c SNKBUCL
|e AACR2
|
| 041 |
0 |
|
|a slo
|
| 044 |
|
|
|a xo
|c SK
|
| 100 |
1 |
|
|a Vödrösová, Andrea
|4 aut
|9 1175201
|
| 245 |
1 |
0 |
|a ANTIHISTAMINIKÁ V LIEČBE LICHEN RUBER PLANUS
|c Andrea Vödrösová, Eugen Ďurovič, Silvia Slovinská
|
| 700 |
1 |
|
|a Ďurovič, Eugen,
|d 1937-2021
|4 aut
|9 225785
|
| 700 |
1 |
|
|a Slovinská, Silvia
|4 aut
|9 1175202
|
| 773 |
0 |
|
|t Stomatológ : časopis Slovenskej komory zubných lekárov
|g Roč. 16, č. 3 (2006), s. 17-19
|
| 954 |
|
|
|a odborná, vedecká literatúra pôvodná (slovenská)
|2 lita
|
| 958 |
|
|
|a OND
|
| 958 |
|
|
|a EUIPO
|
| 958 |
|
|
|a article5
|
| 999 |
|
|
|c 2117828
|d 2119758
|